000 00693nam a2200205Ii 4500
003 JO-AjNU
008 230605s9999||||xx |||||||||||||| ||und||
017 _a1999/17932
040 _aJO-AjNU
_bara
_erda
_cJO-AjNU
041 _aara
050 1 4 _aPJ7561.N5788 2000
100 3 _aناصف،مصطفى,
_eauthor
_912996
245 0 0 _aثقافتنا والشعر المعاصر
264 3 1 _aالقاهرة:الهيئة المصرية العامة للكتاب،2000
300 _a279ص
336 _atext
_btxt
_2rdacontent
337 _aunmediated
_bn
_2rdamedia
338 _avolume
_bnc
_2rdacarrier
650 4 _a الشعر العربي-تاريخ ونقد-القرن العشرين
_912997
999 _aA3119
_c6687
_d6687